000 00568nam a22001697a 4500
008 131025t mx||||| |||| 00| 0 spa d
020 _a9789706446022
050 0 4 _aKGF2202.M9
_bM85 2008
245 0 0 _aMulticulturalismo y derechos indígenas. Caso México /
_c(Coordinador) Alán Arias
250 _a1a ed.
260 _aMéxico :
_bReproducciones y Materiales,
_c2008
300 _a155 p. ;
_c22 cm.
650 7 _2Lemb
_aIndígenas de México
650 7 _2Lemb
_aMulticulturismo
710 1 _aMéxico. Comisión Nacional de los Derechos Humanos
942 _2ddc
_cLIB
999 _c43961
_d43961